[Event "FIRST SATURDAY TOURNAMENTS Budapest FMA-"]
[Site "Budapest"]
[Date "2012.02.04"]
[Round "1.1"]
[White "Darazs, Zoltan"]
[Black "Bayramsahedov, Rovshen"]
[Result "1-0"]
[WhiteElo "2101"]
[BlackElo "1987"]
[PlyCount "67"]
[EventDate "2012.02.04"]

1. e4 c5 2. Nf3 d6 3. d4 cxd4 4. Nxd4 Nf6 5. Nc3 a6 6. Bg5 e6 7. f4 Nbd7 8. Qf3
Qc7 9. O-O-O Be7 10. g4 b5 11. Bxf6 Nxf6 12. g5 Nd7 13. f5 Bxg5+ 14. Kb1 Ne5
15. Qh5 h6 16. fxe6 g6 17. Nd5 Qd8 18. exf7+ Kxf7 19. Qe2 Rf8 20. Qg2 Kg8 21.
Be2 Bd7 22. h4 Bxh4 23. Nf3 Bg5 24. Nxe5 dxe5 25. Bg4 Be8 26. Be6+ Kg7 27. Qh2
Qb8 28. Rdg1 Qd8 29. Qxe5+ Bf6 30. Qh2 Rh8 31. Rf1 Bg5 32. Qe5+ Kh7 33. Rxh6+
Bxh6 34. Nf6+ 1-0

[Event "FIRST SATURDAY TOURNAMENTS Budapest FMA-"]
[Site "Budapest"]
[Date "2012.02.04"]
[Round "1.2"]
[White "Ortel, Endre"]
[Black "Juracsik, Jozsef"]
[Result "1/2-1/2"]
[WhiteElo "2286"]
[BlackElo "2155"]
[PlyCount "26"]
[EventDate "2012.02.04"]

1. e4 c5 2. Nf3 d6 3. d3 g6 4. g3 Bg7 5. Bg2 Nc6 6. O-O Nf6 7. h3 O-O 8. Nc3 e5
9. Bg5 h6 10. Bxf6 Bxf6 11. Nd5 Bg7 12. c3 Be6 13. a3 Bxd5 1/2-1/2

[Event "FIRST SATURDAY TOURNAMENTS Budapest FMA-"]
[Site "Budapest"]
[Date "2012.02.04"]
[Round "1.3"]
[White "Lakat, Gyula"]
[Black "Meredow, Shanepes"]
[Result "0-1"]
[WhiteElo "1879"]
[BlackElo "1860"]
[PlyCount "94"]
[EventDate "2012.02.04"]

1. d4 f5 2. Nf3 Nf6 3. g3 g6 4. Bg2 Bg7 5. c4 d6 6. Nc3 c6 7. O-O Qc7 8. d5 e5
9. dxe6 Bxe6 10. Bf4 Bxc4 11. Bxd6 Qd7 12. Ne5 Qe6 13. Nxc4 Qxc4 14. e4 Na6 15.
e5 Ng4 16. h3 Nh6 17. Rc1 Rc8 18. b3 Qe6 19. Re1 Nc7 20. Qd4 Qd7 21. Qxa7 Ne6
22. Rcd1 Kf7 23. Qe3 b5 24. a4 Rhd8 25. axb5 cxb5 26. f4 Ng8 27. Ra1 Rxc3 28.
Qxc3 Qxd6 29. Ra7+ Kf8 30. Qa5 Qd2 31. Qa1 Qd4+ 32. Qxd4 Nxd4 33. e6 Nf3+ 34.
Bxf3 Bd4+ 35. Kf1 Bxa7 36. Bc6 b4 37. Bd7 Ke7 38. g4 fxg4 39. hxg4 Nf6 40. f5
gxf5 41. gxf5 Rg8 42. Re5 h5 43. Bb5 h4 44. Ba6 h3 45. Bb7 Rg3 46. Rb5 Rxb3 47.
Bc6 Kd6 0-1

[Event "FIRST SATURDAY TOURNAMENTS Budapest FMA-"]
[Site "Budapest"]
[Date "2012.02.04"]
[Round "1.4"]
[White "Amangeldiyev, Gurbangeldi"]
[Black "Koczo, Kristof"]
[Result "1/2-1/2"]
[WhiteElo "1988"]
[BlackElo "2152"]
[PlyCount "169"]
[EventDate "2012.02.04"]

1. d4 d5 2. Nf3 Nf6 3. c4 c6 4. e3 Bg4 5. Nc3 e6 6. h3 Bh5 7. Bd3 Nbd7 8. O-O
Bd6 9. cxd5 exd5 10. e4 dxe4 11. Bxe4 Nxe4 12. Nxe4 Be7 13. Bf4 O-O 14. Ng3 Bg6
15. Re1 Re8 16. Nd2 Nf6 17. Nc4 Nd5 18. Bd2 Nb4 19. Bxb4 Bxb4 20. Rxe8+ Qxe8
21. Qb3 Qe7 22. a3 Be1 23. h4 Re8 24. Ne5 Bxf2+ 25. Kxf2 Qxh4 26. Nf3 Qf4 27.
Qc3 h5 28. Rh1 Qg4 29. Qd2 Qd7 30. Nxh5 Qd6 31. Qf4 Qxf4 32. Nxf4 Bf5 33. Re1
Rxe1 34. Nxe1 Kf8 35. Kf3 Ke7 36. g4 Bb1 37. Ke3 Kd6 38. Ned3 b6 39. Nh5 g6 40.
Nf6 Ke6 41. Ne4 f5 42. Nf4+ Kf7 43. gxf5 gxf5 44. Nd6+ Ke7 45. Nc4 Ba2 46. Nd2
Kd6 47. Nd3 Bg8 48. b3 c5 49. dxc5+ bxc5 50. Nc4+ Kc6 51. Nde5+ Kd5 52. Ng6 Bh7
53. Nf8 f4+ 54. Kxf4 Bd3 55. Ne3+ Kd6 56. Kg5 Ke5 57. Nd7+ Kd4 58. Kf4 c4 59.
b4 c3 60. Ne5 c2 61. Nxc2+ Bxc2 62. Nc6+ Kc3 63. Nxa7 Ba4 64. Ke5 Kb3 65. Kd4
Kxa3 66. Kc4 Kb2 67. Nc8 Bd7 68. Nb6 Be8 69. Kc5 Kc3 70. Nd5+ Kb3 71. Nf6 Bc6
72. Ng4 Bd7 73. Ne5 Be8 74. Nf3 Kc3 75. Nd4 Bd7 76. Nb5+ Kb3 77. Nd4+ Kc3 78.
Ne2+ Kb3 79. Nd4+ Kc3 80. Nf3 Kb3 81. Ne5 Be8 82. Nc4 Kc3 83. Na5 Bd7 84. b5
Bxb5 85. Kxb5 1/2-1/2

[Event "FIRST SATURDAY TOURNAMENTS Budapest FMA-"]
[Site "Budapest"]
[Date "2012.02.04"]
[Round "1.5"]
[White "Arias Castanedo, Jacinto"]
[Black "Veliyev, Serdar"]
[Result "0-1"]
[WhiteElo "1940"]
[BlackElo "1986"]
[PlyCount "88"]
[EventDate "2012.02.04"]

1. d4 d5 2. Nf3 Nf6 3. c4 e6 4. Bg5 Be7 5. Nc3 h6 6. Bh4 Nbd7 7. e3 O-O 8. Rc1
b6 9. cxd5 exd5 10. Bd3 Bb7 11. O-O Ne4 12. Bxe7 Qxe7 13. Re1 Rfd8 14. Qc2 Rac8
15. Qb3 Ng5 16. Nxg5 Qxg5 17. Be2 c5 18. Nb5 c4 19. Qa3 Bc6 20. Nc3 a6 21. Bf3
Bb7 22. b3 b5 23. Ne2 Nb6 24. b4 Rd6 25. Nc3 Rf6 26. Kh1 Re8 27. Rg1 h5 28.
Rcf1 Bc8 29. Be2 Bg4 30. Qb2 Qh4 31. f3 Bf5 32. Qd2 Rfe6 33. e4 dxe4 34. fxe4
Bxe4 35. Bf3 Bxf3 36. Rxf3 Re1 37. Rgf1 Rxf1+ 38. Rxf1 Qe7 39. a3 Qe3 40. Nb1
Nd5 41. g3 c3 42. Qxe3 Rxe3 43. Rc1 Rd3 44. a4 c2 0-1

[Event "FIRST SATURDAY TOURNAMENTS Budapest FMA-"]
[Site "Budapest"]
[Date "2012.02.05"]
[Round "2.2"]
[White "Koczo, Kristof"]
[Black "Arias Castanedo, Jacinto"]
[Result "1/2-1/2"]
[WhiteElo "2152"]
[BlackElo "1940"]
[PlyCount "73"]
[EventDate "2012.02.04"]

1. d4 d5 2. c4 e6 3. Nc3 Nf6 4. cxd5 exd5 5. Bg5 Be7 6. e3 Nbd7 7. Bd3 c6 8.
Qc2 O-O 9. Nf3 Re8 10. O-O Nf8 11. Rab1 Ne4 12. Bxe7 Qxe7 13. b4 a6 14. a4 Nxc3
15. Qxc3 Be6 16. Rfc1 Rec8 17. Nd2 Nd7 18. Nb3 g6 19. Nc5 Nxc5 20. bxc5 f5 21.
Qb2 Rc7 22. Qe2 Rf8 23. f4 Kh8 24. a5 Bc8 25. Rf1 Rg8 26. g3 Qf6 27. Qf3 Re7
28. Kf2 Rge8 29. Rfe1 h6 30. Re2 Kg7 31. Ke1 h5 32. Kd2 Re6 33. h3 Kf7 34. Kc3
Qe7 35. Rbe1 Qd8 36. Kb4 Qf6 37. Kc3 1/2-1/2

[Event "FIRST SATURDAY TOURNAMENTS Budapest FMA-"]
[Site "Budapest"]
[Date "2012.02.05"]
[Round "2.3"]
[White "Meredow, Shanepes"]
[Black "Amangeldiyev, Gurbangeldi"]
[Result "0-1"]
[WhiteElo "1860"]
[BlackElo "1988"]
[PlyCount "138"]
[EventDate "2012.02.04"]

1. e4 g6 2. d4 Bg7 3. Nc3 d6 4. Bc4 Nf6 5. Bg5 O-O 6. e5 Ne8 7. Nd5 Nc6 8. Qd2
Be6 9. f4 Qd7 10. O-O-O f6 11. exf6 exf6 12. Re1 Bf7 13. Bh4 Kh8 14. Ne2 Rb8
15. Nec3 f5 16. Bb5 a6 17. Re7 Qc8 18. Ba4 b5 19. Bb3 Nxe7 20. Bxe7 c6 21. Bxf8
Bxf8 22. Ne7 Bxe7 23. Bxf7 Kg7 24. Bxe8 Qxe8 25. Re1 Qd7 26. Qe3 Bf6 27. d5 c5
28. Qe6 Qc7 29. g4 Rf8 30. g5 Bd4 31. Ne2 Bf2 32. Rf1 Bh4 33. Ng3 h6 34. gxh6+
Kxh6 35. Rg1 Rf6 36. Qe8 Qg7 {after 35 move} 37. Qd8 Qf8 38. Qd7 Rf7 39. Qc6
Qe7 40. Kd2 Qf6 41. c3 g5 42. Kc2 gxf4 43. Ne2 Qe5 44. Nc1 Qe4+ 45. Nd3 Qe2+
46. Kb3 Qxd3 47. Qxd6+ Bf6 48. Qe6 Qc4+ 49. Kc2 Qe4+ 50. Kd2 Qxe6 51. dxe6 Re7
52. Re1 f3 53. Rf1 Rxe6 54. Rxf3 Kg5 55. h3 f4 56. a3 Kf5 57. Rf1 Bh4 58. Rg1
Bg3 59. b3 Rh6 60. Rh1 Ke4 61. a4 f3 62. axb5 axb5 63. c4 b4 64. Kc2 f2 65. Rd1
Rxh3 66. Kb2 Be5+ 67. Ka2 Bd4 68. Rf1 Rh8 69. Kb1 Ra8 0-1

[Event "FIRST SATURDAY TOURNAMENTS Budapest FMA-"]
[Site "Budapest"]
[Date "2012.02.05"]
[Round "2.4"]
[White "Juracsik, Jozsef"]
[Black "Lakat, Gyula"]
[Result "1/2-1/2"]
[WhiteElo "2155"]
[BlackElo "1879"]
[PlyCount "120"]
[EventDate "2012.02.04"]

1. e4 e6 2. d4 d5 3. Nc3 Nf6 4. Bg5 Be7 5. e5 Nfd7 6. h4 a6 7. Qg4 Bxg5 8. hxg5
Qe7 9. O-O-O c5 10. Nf3 Nc6 11. dxc5 Nxc5 12. Bd3 Nxd3+ 13. cxd3 Bd7 14. Kb1
O-O-O 15. Rh4 f5 16. Qf4 Be8 17. Ne2 Kb8 18. Ned4 Ka7 19. Rc1 Rc8 20. Qe3 b6
21. Nxc6+ Bxc6 22. Nd4 Kb7 23. Rhh1 g6 24. Rc3 Bd7 25. Rb3 Qc5 26. Rc3 Qe7 27.
Rhc1 Rxc3 28. Rxc3 Rc8 29. Rxc8 Bxc8 30. Qc1 Bd7 31. f4 h5 32. Qc3 Qc5 33. Kc2
Qxc3+ 34. Kxc3 b5 35. b4 Kb6 36. Nb3 Bc8 37. Kd4 Kc6 38. Nd2 Bd7 39. Nb3 Bc8
40. a3 Kb6 41. Nc5 Kc6 42. Kc3 a5 43. Nb3 a4 44. Nd4+ Kb6 45. Nf3 Bd7 46. Kd4
Kc6 47. Ne1 Be8 48. Nc2 Bd7 49. Ke3 Kb6 50. Nd4 Bc8 51. Nf3 Bd7 52. Kd4 Kc6 53.
Nh4 Be8 54. g3 Bf7 55. Ng2 Be8 56. Ne3 Bf7 57. Nc2 Kb6 58. Ke3 Kc6 59. Kd2 Kb6
60. Nd4 Bg8 {after 54 move} 1/2-1/2

[Event "FIRST SATURDAY TOURNAMENTS Budapest FMA-"]
[Site "Budapest"]
[Date "2012.02.06"]
[Round "3.1"]
[White "Ortel, Endre"]
[Black "Bayramsahedov, Rovshen"]
[Result "1/2-1/2"]
[WhiteElo "2286"]
[BlackElo "1987"]
[PlyCount "74"]
[EventDate "2012.02.04"]

1. e4 c5 2. Nf3 d6 3. d3 Nc6 4. g3 g6 5. Bg2 Bg7 6. O-O Nf6 7. c3 O-O 8. Na3
Rb8 9. h3 b5 10. Be3 b4 11. cxb4 Rxb4 12. Nc4 Be6 13. Nfd2 Nd7 14. f4 Nd4 15.
Rb1 Nb6 16. b3 Nxc4 17. dxc4 Qa5 18. a4 Rfb8 19. Kh2 Bd7 20. Bxd4 cxd4 21. Qe2
e5 22. f5 f6 23. h4 Be8 24. Bh3 Qd8 25. fxg6 hxg6 26. Be6+ Bf7 27. Bxf7+ Kxf7
28. g4 Ke7 29. Qf2 Qh8 30. Kg2 Rf8 31. Rbc1 Rc8 32. Rh1 Qh6 33. Rh3 a5 34. Rf1
Rf8 35. Rc1 Rc8 36. Rf1 Rf8 37. Rc1 Rc8 1/2-1/2

[Event "FIRST SATURDAY TOURNAMENTS Budapest FMA-"]
[Site "Budapest"]
[Date "2012.02.06"]
[Round "3.2"]
[White "Lakat, Gyula"]
[Black "Darazs, Zoltan"]
[Result "1/2-1/2"]
[WhiteElo "1879"]
[BlackElo "2101"]
[PlyCount "22"]
[EventDate "2012.02.04"]

1. d4 Nf6 2. c4 g6 3. Nc3 Bg7 4. e4 d6 5. Be2 O-O 6. g4 e5 7. d5 Ne8 8. g5 f5
9. Qd3 f4 10. Nf3 Bg4 11. h4 Na6 1/2-1/2

[Event "FIRST SATURDAY TOURNAMENTS Budapest FMA-"]
[Site "Budapest"]
[Date "2012.02.06"]
[Round "3.3"]
[White "Amangeldiyev, Gurbangeldi"]
[Black "Juracsik, Jozsef"]
[Result "0-1"]
[WhiteElo "1988"]
[BlackElo "2155"]
[PlyCount "128"]
[EventDate "2012.02.04"]

1. d4 Nf6 2. c4 g6 3. Nc3 Bg7 4. e4 d6 5. f4 c5 6. d5 O-O 7. Nf3 e6 8. Bd3 exd5
9. cxd5 Re8 10. O-O Bg4 11. h3 Bxf3 12. Qxf3 Nbd7 13. Be3 a6 14. a4 Qc7 15.
Rfe1 c4 16. Bc2 Nc5 17. Bf2 Nfd7 18. Rad1 Rab8 19. e5 dxe5 20. d6 Qc6 21. Ne4
Ne6 22. f5 Nd4 23. Bxd4 exd4 24. f6 d3 25. fxg7 dxc2 26. Rc1 f5 27. Nc3 Rxe1+
28. Rxe1 Qxf3 29. gxf3 Ne5 30. Rc1 Nxf3+ 31. Kf2 Nd4 32. Ke3 Nb3 33. Rxc2 Rd8
34. Ne2 b5 35. axb5 axb5 36. Nc3 Rxd6 37. Nxb5 Rd3+ 38. Kf2 Nd4 39. Nxd4 Rxd4
40. Ke3 Re4+ 41. Kf3 Kxg7 42. Rd2 Kf6 43. Rd6+ Kg5 44. Rd7 h5 45. Rd6 h4 46.
Rd8 Kf6 47. Rd6+ Re6 48. Rd4 Rb6 49. Rxc4 Rb3+ 50. Kg2 Rxb2+ 51. Kf3 Rb3+ 52.
Kg2 Kg5 53. Rc6 Rg3+ 54. Kh2 f4 55. Rc5+ Kf6 56. Rc6+ Ke5 57. Rc5+ Kd4 58. Ra5
Rc3 59. Rg5 Rc6 60. Rg4 Ke3 61. Rxh4 Rc2+ 62. Kg1 f3 63. Ra4 Rc1+ 64. Kh2 f2
0-1

[Event "FIRST SATURDAY TOURNAMENTS Budapest FMA-"]
[Site "Budapest"]
[Date "2012.02.06"]
[Round "3.4"]
[White "Arias Castanedo, Jacinto"]
[Black "Meredow, Shanepes"]
[Result "1-0"]
[WhiteElo "1940"]
[BlackElo "1860"]
[PlyCount "96"]
[EventDate "2012.02.04"]

1. e4 e6 2. d4 d5 3. Nd2 Nf6 4. e5 Nfd7 5. c3 c5 6. Bd3 Nc6 7. Ne2 Qb6 8. Nf3
cxd4 9. cxd4 Qb4+ 10. Kf1 Be7 11. g3 f6 12. a3 Qb6 13. exf6 Nxf6 14. Kg2 Bd7
15. b4 e5 16. dxe5 Ng4 17. Ned4 Nxd4 18. Nxd4 Nxf2 19. Qh5+ Kd8 20. e6 Qxd4 21.
Bg5 Bxe6 22. Rhe1 Bxg5 23. Qxg5+ Kd7 24. Bb5+ Kd6 25. Rxe6+ Kxe6 26. Re1+ Ne4
27. Qg4+ Ke5 28. Qxg7+ Ke6 29. Qxd4 Rac8 30. Qxa7 Rhf8 31. Qxb7 Rc2+ 32. Kh3
Rff2 33. Rxe4+ dxe4 34. Qxe4+ Kf6 35. Qd4+ Kf7 36. Bc4+ Ke7 37. Kg4 h5+ 38.
Kxh5 Rxh2+ 39. Kg5 Rhf2 40. Qe5+ Kd7 41. b5 Rfd2 42. Qe6+ Kd8 43. b6 Rd7 44.
Qg8+ Ke7 45. Qh7+ Kd8 46. Qxc2 Rg7+ 47. Qg6 Rd7 48. Qh6 Rf7 1-0

[Event "FIRST SATURDAY TOURNAMENTS Budapest FMA-"]
[Site "Budapest"]
[Date "2012.02.07"]
[Round "4.1"]
[White "Bayramsahedov, Rovshen"]
[Black "Koczo, Kristof"]
[Result "1/2-1/2"]
[WhiteElo "1987"]
[BlackElo "2152"]
[PlyCount "82"]
[EventDate "2012.02.04"]

1. e4 c5 2. Nf3 d6 3. d4 cxd4 4. Nxd4 Nf6 5. f3 e6 6. c4 Nc6 7. Nc3 d5 8. cxd5
exd5 9. Bb5 Bd7 10. exd5 Nxd4 11. Bxd7+ Qxd7 12. Qxd4 b6 13. Bg5 Be7 14. O-O-O
Qf5 15. h4 O-O 16. d6 Rfd8 17. Qf4 Qxf4+ 18. Bxf4 Bf8 19. g4 Rac8 20. Kb1 Rd7
21. Rd3 Rcd8 22. Rhd1 Ne8 23. Ne4 f6 24. Kc2 Kf7 25. Bh2 Ke6 26. Ra3 Rc8+ 27.
Kb1 Rc6 28. Re3 Kf7 29. Ra3 Ke6 30. Rc1 Rxc1+ 31. Kxc1 Nxd6 32. Nxd6 Bxd6 33.
Re3+ Kf7 34. Bxd6 Rxd6 35. Kc2 Rd7 36. b4 Kg6 37. Kc3 h5 38. a4 hxg4 39. fxg4
Kf7 40. Kc4 Rd1 41. Re4 g6 1/2-1/2

[Event "FIRST SATURDAY TOURNAMENTS Budapest FMA-"]
[Site "Budapest"]
[Date "2012.02.07"]
[Round "4.2"]
[White "Meredow, Shanepes"]
[Black "Veliyev, Serdar"]
[Result "0-1"]
[WhiteElo "1860"]
[BlackElo "1986"]
[PlyCount "92"]
[EventDate "2012.02.04"]

1. e4 c6 2. d4 d5 3. exd5 cxd5 4. Bf4 Nf6 5. Bd3 Nc6 6. c3 Bg4 7. Qb3 Qd7 8. f3
Bh5 9. Ne2 e6 10. Nd2 Bg6 11. Bxg6 hxg6 12. Be5 a6 13. Nf4 b5 14. Nd3 Nxe5 15.
dxe5 Qa7 16. O-O-O Nd7 17. f4 Nc5 18. Qc2 a5 19. Nxc5 Bxc5 20. Qd3 Qb6 21. g4
b4 22. c4 Rd8 23. Qf3 Be3 24. Kb1 Bxd2 25. Rxd2 dxc4 26. Rxd8+ Qxd8 27. Qc6+
Kf8 28. Qxc4 Rh3 29. f5 gxf5 30. gxf5 exf5 31. e6 Qd3+ 32. Qxd3 Rxd3 33. Re1
fxe6 34. Rxe6 Rd5 35. Kc2 Kf7 36. Rc6 f4 37. Rc4 g5 38. h4 f3 39. hxg5 Rf5 40.
g6+ Kxg6 41. Rg4+ Kh5 42. Rg1 f2 43. Rf1 Kg4 44. a3 bxa3 45. bxa3 Kg3 46. Kb3
Kg2 0-1

[Event "FIRST SATURDAY TOURNAMENTS Budapest FMA-"]
[Site "Budapest"]
[Date "2012.02.07"]
[Round "4.3"]
[White "Juracsik, Jozsef"]
[Black "Arias Castanedo, Jacinto"]
[Result "1-0"]
[WhiteElo "2155"]
[BlackElo "1940"]
[PlyCount "63"]
[EventDate "2012.02.04"]

1. e4 c6 2. d4 d5 3. e5 Bf5 4. g4 Bd7 5. Be2 e6 6. h4 c5 7. c3 Nc6 8. h5 h6 9.
f4 cxd4 10. cxd4 Qb6 11. Nf3 Nge7 12. Nc3 Na5 13. O-O Rc8 14. Na4 Bxa4 15.
Qxa4+ Kd8 16. Bd2 Nc4 17. Be1 Nc6 18. Bxc4 dxc4 19. Bf2 Qb4 20. Qc2 Be7 21. Nd2
b5 22. a4 a6 23. axb5 axb5 24. Ne4 Qb3 25. Qxb3 cxb3 26. d5 exd5 27. Nc3 Kd7
28. Nxd5 Ke6 29. Rad1 Rhd8 30. f5+ Kxe5 31. Bg3+ Ke4 32. Rf4+ 1-0

[Event "FIRST SATURDAY TOURNAMENTS Budapest FMA-"]
[Site "Budapest"]
[Date "2012.02.07"]
[Round "4.4"]
[White "Darazs, Zoltan"]
[Black "Amangeldiyev, Gurbangeldi"]
[Result "1/2-1/2"]
[WhiteElo "2101"]
[BlackElo "1988"]
[PlyCount "175"]
[EventDate "2012.02.04"]

1. e4 b6 2. d4 Bb7 3. Bd3 e6 4. f4 Nf6 5. Nd2 d5 6. e5 Ne4 7. Ngf3 c5 8. c3
cxd4 9. cxd4 Be7 10. O-O O-O 11. Qe2 f5 12. exf6 Bxf6 13. Nxe4 dxe4 14. Bxe4
Bd5 15. Ne5 Qd6 16. Qd3 Bxe4 17. Qxe4 Na6 18. Be3 Rac8 19. Rf3 Bxe5 20. fxe5
Qd7 21. Rh3 g6 22. a3 Nc7 23. Qb7 Rf7 24. Rc1 Rcf8 25. Rf3 Nd5 26. Rxf7 Rxf7
27. Qxd7 Rxd7 28. Bh6 Ne7 29. Bg5 Nf5 30. Rc8+ Kf7 31. Rh8 h5 32. Rh7+ Ke8 33.
Rxd7 Kxd7 34. Kf2 Nxd4 35. Ke3 Nc6 36. Bf6 Na5 37. Kd4 a6 38. b4 Nc6+ 39. Ke4
Ke8 40. Bh4 b5 41. h3 Kf7 42. g4 hxg4 43. hxg4 Kg7 44. Bf2 Kh6 45. Be3+ Kg7 46.
Bf2 Kf7 47. Bc5 Kg8 48. Kf4 Kf7 49. Ke4 Kg7 50. Bf2 Kf7 51. Be3 Ke7 52. Bc5+
Kd7 53. Kf4 Ke8 54. Ke4 a5 55. bxa5 Nxa5 56. Bb4 Nc6 57. Bc3 Kd7 58. Kf4 Ke7
59. Bb4+ Ke8 60. Bc3 Ne7 61. Bb4 Nd5+ 62. Kg5 Kf7 63. Kh6 Ne3 64. Kg5 Nd5 65.
Kh6 Nf4 66. Bd6 Nh3 67. Bb4 Nf2 68. Kg5 Nd3 69. Bd6 Kg7 70. Bb8 Kf7 71. Bd6 Kg7
72. Bb8 b4 73. axb4 Nxb4 74. Bd6 Nd3 75. Bb8 Kf7 76. Bd6 Nf2 77. Bb8 Nh3+ 78.
Kh4 Nf4 79. Kg5 Nd5 80. Bd6 Kg7 81. Bb8 Nc3 82. Bd6 Kf7 83. Bb8 Nb5 84. Kh6 Nd4
85. Bd6 Nf3 86. Bb8 Nd4 87. Bd6 Nb5 88. Bb8 1/2-1/2

[Event "FIRST SATURDAY TOURNAMENTS Budapest FMA-"]
[Site "Budapest"]
[Date "2012.02.07"]
[Round "4.5"]
[White "Ortel, Endre"]
[Black "Lakat, Gyula"]
[Result "1-0"]
[WhiteElo "2286"]
[BlackElo "1879"]
[PlyCount "43"]
[EventDate "2012.02.04"]

1. Nf3 d5 2. g3 c5 3. Bg2 Nc6 4. d4 Bg4 5. c3 e6 6. O-O Bxf3 7. Bxf3 h5 8. h4
cxd4 9. cxd4 Be7 10. Kg2 g5 11. hxg5 Bxg5 12. Bxg5 Qxg5 13. Rh1 Nf6 14. Rh4
O-O-O 15. Qd2 Rdg8 16. Qxg5 Rxg5 17. Nc3 Nxd4 18. Rxd4 e5 19. Nxd5 exd4 20.
Nxf6 Rf5 21. Nd5 Re8 22. Rd1 1-0

-1/2

[Event "FIRST SATURDAY TOURNAMENTS Budapest FMA-"]
[Site "Budapest"]
[Date "2012.02.08"]
[Round "5.1"]
[White "Lakat, Gyula"]
[Black "Bayramsahedov, Rovshen"]
[Result "1/2-1/2"]
[WhiteElo "1879"]
[BlackElo "1987"]
[PlyCount "80"]
[EventDate "2012.02.04"]

1. c4 e6 2. Nc3 d5 3. e3 Nf6 4. Nf3 c6 5. b3 Be7 6. Bb2 O-O 7. d4 b6 8. Bd3 Bb7
9. O-O Nbd7 10. e4 dxe4 11. Nxe4 c5 12. Qc2 h6 13. Rad1 Qc7 14. dxc5 Bxe4 15.
Bxe4 Nxe4 16. Qxe4 bxc5 17. Be5 Nxe5 18. Qxe5 Qa5 19. Qe2 Rad8 20. Ne5 Qc7 21.
f4 Bf6 22. g3 a5 23. Nf3 Ra8 24. Rd3 a4 25. Rfd1 axb3 26. axb3 Ra3 27. Ne5 Rfa8
28. Kg2 Ra2 29. R1d2 Rxd2 30. Rxd2 Ra3 31. Rd3 Qa5 32. Kh3 Ra1 33. Qh5 Bxe5 34.
Qxe5 Qe1 35. Qxe1 Rxe1 36. Rd8+ Kh7 37. Rc8 Rb1 38. Rxc5 Rxb3 39. f5 exf5 40.
Rxf5 Rc3 1/2-1/2

[Event "FIRST SATURDAY TOURNAMENTS Budapest FMA-"]
[Site "Budapest"]
[Date "2012.02.08"]
[Round "5.2"]
[White "Amangeldiyev, Gurbangeldi"]
[Black "Ortel, Endre"]
[Result "0-1"]
[WhiteElo "1988"]
[BlackElo "2286"]
[PlyCount "68"]
[EventDate "2012.02.04"]

1. d4 e6 2. c4 Nf6 3. Nc3 Bb4 4. Bd2 O-O 5. Nf3 b6 6. e3 Bb7 7. Be2 d5 8. a3
Bd6 9. O-O dxc4 10. Bxc4 Nbd7 11. Qe2 c5 12. h3 a6 13. a4 Bb8 14. Ne1 Qc7 15.
f4 Rd8 16. Rd1 Nf8 17. Bc1 cxd4 18. exd4 Ng6 19. Ba2 Bc6 20. Bc4 Qb7 21. Nc2
Ne4 22. Nxe4 Bxe4 23. Nb4 b5 24. axb5 axb5 25. Bb3 Ba7 26. Be3 Nh4 27. Rf2 Nf5
28. Nc2 Bxc2 29. Bxc2 Nxd4 30. Qe1 Nxc2 31. Rxd8+ Rxd8 32. Rxc2 Qe4 33. Rc3 b4
34. Rb3 Qc4 0-1

[Event "FIRST SATURDAY TOURNAMENTS Budapest FMA-"]
[Site "Budapest"]
[Date "2012.02.08"]
[Round "5.3"]
[White "Arias Castanedo, Jacinto"]
[Black "Darazs, Zoltan"]
[Result "0-1"]
[WhiteElo "1940"]
[BlackElo "2101"]
[PlyCount "91"]
[EventDate "2012.02.04"]

1. d4 Nf6 2. Nf3 g6 3. c4 Bg7 4. Nc3 d5 5. Bf4 O-O 6. Rc1 dxc4 7. e3 c5 8. Bxc4
cxd4 9. exd4 Nc6 10. d5 Na5 11. Be2 b6 12. O-O Nh5 13. Be3 e6 14. Bg5 f6 15.
Be3 e5 16. b4 Nb7 17. Qb3 Nd6 18. Nb5 Rf7 19. Nxd6 Qxd6 20. Bb5 Bb7 21. Bc6 Rd8
22. b5 h6 23. Rfd1 Bc8 24. Nd2 Bf8 25. Nc4 Qb4 26. Qc2 Bf5 27. Qe2 Nf4 28. Bxf4
exf4 29. Qf3 Bd6 30. Re1 Kg7 31. g3 fxg3 32. hxg3 h5 33. a3 Qc5 34. Ne5 fxe5
35. Rxc5 Bxc5 36. Qb3 Bxf2+ 37. Kf1 Bh3+ 38. Ke2 Bg4+ 39. Kd2 Bxe1+ 40. Kxe1
Rdf8 41. d6 Rf1+ 42. Kd2 R8f2+ 43. Kc3 Rf3+ 44. Bxf3 Rxf3+ 45. Kb4 Rxb3+ 46.
Kxb3 0-1

[Event "FIRST SATURDAY TOURNAMENTS Budapest FMA-"]
[Site "Budapest"]
[Date "2012.02.08"]
[Round "5.4"]
[White "Veliyev, Serdar"]
[Black "Juracsik, Jozsef"]
[Result "1-0"]
[WhiteElo "1986"]
[BlackElo "2155"]
[PlyCount "155"]
[EventDate "2012.02.04"]

1. c4 e5 2. Nc3 Nc6 3. g3 g6 4. Bg2 Bg7 5. Rb1 Nf6 6. Nf3 O-O 7. O-O d6 8. b4
a6 9. a4 Be6 10. d3 h6 11. b5 axb5 12. axb5 Ne7 13. Bb2 g5 14. h4 Nh7 15. hxg5
hxg5 16. Bc1 Ng6 17. Ne4 f6 18. Bd2 g4 19. Nh4 Nxh4 20. gxh4 f5 21. Ng5 Nxg5
22. Bxg5 Qc8 23. b6 c6 24. f4 Qd7 25. e3 Ra2 26. Rf2 Rxf2 27. Kxf2 exf4 28.
Bxf4 Bf6 29. Qh1 Ra8 30. Kg3 Be5 31. Qe1 Bxf4+ 32. exf4 Bf7 33. Qc3 Re8 34. Re1
Rxe1 35. Qxe1 Qd8 36. Qe3 c5 37. Bxb7 Qxb6 38. Bc8 d5 39. cxd5 Bxd5 40. Bxf5
Bf3 41. Qe6+ Qxe6 42. Bxe6+ Kg7 43. Bxg4 Bd5 44. Bf3 Bb3 45. f5 Bc2 46. Be2 Kf6
47. Kf4 c4 48. dxc4 Bxf5 49. Bg4 Bd3 50. c5 Bb5 51. Ke4 Bc6+ 52. Kd4 Bg2 53.
Kc4 Bc6 54. Kb4 Bg2 55. Kb5 Be4 56. Kb6 Bg2 57. Bd7 Bf3 58. Bc6 Bd1 59. Bg2 Ba4
60. Kc7 Bb5 61. Kd6 Ba4 62. Be4 Bb5 63. h5 Kg7 64. Bc6 Be2 65. Bd7 Bf3 66. Be6
Bb7 67. Bd5 Ba6 68. c6 Kf6 69. Be4 Bb5 70. c7 Ba6 71. h6 Bc8 72. h7 Kg7 73. Ke7
Kh8 74. Kd8 Ba6 75. Bf5 Kg7 76. Bc8 Bd3 77. Bb7 Bf5 78. Bc6 1-0

[Event "FIRST SATURDAY TOURNAMENTS Budapest FMA-"]
[Site "Budapest"]
[Date "2012.02.08"]
[Round "5.5"]
[White "Koczo, Kristof"]
[Black "Meredow, Shanepes"]
[Result "1-0"]
[WhiteElo "2152"]
[BlackElo "1860"]
[PlyCount "89"]
[EventDate "2012.02.04"]

1. d4 e6 2. c4 Nf6 3. Nf3 d5 4. Nc3 c6 5. Bg5 Be7 6. e3 Nbd7 7. cxd5 cxd5 8.
Bd3 O-O 9. O-O b6 10. Rc1 Bb7 11. Nb5 a6 12. Nc7 Ra7 13. Qa4 Bd6 14. Nb5 Qb8
15. Nxa7 Qxa7 16. Bb5 Bc8 17. Rc2 Qb7 18. Bc6 Qb8 19. Rfc1 b5 20. Qb3 Ne4 21.
Bf4 Nb6 22. Bxd6 Nxd6 23. Qb4 Rd8 24. Ne5 f6 25. Nd3 Qa7 26. b3 a5 27. Qe1 b4
28. Nc5 Rf8 29. Na4 Bb7 30. Nxb6 Qxb6 31. Bxb7 Qxb7 32. Rc7 Qb8 33. Rd7 Nb5 34.
Qe2 Nc3 35. Qg4 Rf7 36. Qxe6 Qf8 37. Rc7 g6 38. Rc8 Ne2+ 39. Kf1 Nxc1 40. Rxf8+
Kxf8 41. Qc8+ Kg7 42. Qxc1 f5 43. f4 h6 44. Qc6 g5 45. Qxd5 1-0

[Event "FIRST SATURDAY TOURNAMENTS Budapest FMA-"]
[Site "Budapest"]
[Date "2012.02.09"]
[Round "6.1"]
[White "Bayramsahedov, Rovshen"]
[Black "Meredow, Shanepes"]
[Result "1-0"]
[WhiteElo "1987"]
[BlackElo "1860"]
[PlyCount "117"]
[EventDate "2012.02.04"]

1. e4 e6 2. d4 d5 3. Nd2 dxe4 4. Nxe4 Nf6 5. Bg5 Be7 6. Nxf6+ Bxf6 7. Be3 b6 8.
Qf3 Qd5 9. Qf4 e5 10. dxe5 Bxe5 11. Qa4+ Bd7 12. Qa3 Nc6 13. Nf3 Bd6 14. Qd3
Nb4 15. Qxd5 Nxd5 16. Bd4 O-O 17. O-O-O Nf4 18. Be3 Bf5 19. Rxd6 cxd6 20. Bxf4
d5 21. Nd4 Bg6 22. Ba6 Kh8 23. Bb7 Rad8 24. Re1 h6 25. Re7 Rfe8 26. Rxe8+ Rxe8
27. Kd2 Re4 28. Be3 Re5 29. g4 h5 30. g5 f6 31. f4 Re7 32. Bxd5 fxg5 33. f5 Be8
34. Bxg5 Re5 35. c4 a6 36. Be6 Re4 37. Kd3 Rg4 38. h4 Rg3+ 39. Kd2 Kh7 40. Ne2
Rf3 41. Bd5 Rf1 42. Be4 Kg8 43. b3 Ra1 44. a4 Ra2+ 45. Ke3 Kh8 46. Nd4 Ra1 47.
Bb7 b5 48. axb5 axb5 49. Nxb5 Re1+ 50. Kd4 Rd1+ 51. Kc5 Bd7 52. Nd4 Rf1 53. b4
g6 54. f6 Kg8 55. Bd5+ Kh7 56. b5 Bc8 57. f7 Rf5 58. Nxf5 Bxf5 59. f8=Q 1-0

[Event "FIRST SATURDAY TOURNAMENTS Budapest FMA-"]
[Site "Budapest"]
[Date "2012.02.09"]
[Round "6.2"]
[White "Juracsik, Jozsef"]
[Black "Koczo, Kristof"]
[Result "1/2-1/2"]
[WhiteElo "2155"]
[BlackElo "2152"]
[PlyCount "64"]
[EventDate "2012.02.04"]

1. e4 c6 2. d4 d5 3. e5 e6 4. f4 b6 5. Nf3 Ba6 6. Bxa6 Nxa6 7. O-O Ne7 8. c3
Qd7 9. Be3 Nf5 10. Bf2 h5 11. Nbd2 Be7 12. g3 g6 13. a4 Qb7 14. b4 Nc7 15. Nb3
Kd7 16. a5 Nb5 17. Qd3 Rhd8 18. Ra2 Nc7 19. Rfa1 Rh8 20. h3 b5 21. Kg2 Qc8 22.
Rh1 Qg8 23. Nc5+ Kc8 24. Qd2 a6 25. Nd3 Kb7 26. Raa1 Qg7 27. g4 Nh6 28. Kg3
Rag8 29. Qe3 Rh7 30. Ng5 Rhh8 31. Rag1 Rd8 32. Nf3 Qh7 1/2-1/2